The Americas Geography by Letter - Q - Statistics

General Stats
  • This quiz has been taken 503 times
  • The average score is 4 of 10
Answer Stats
Hint Answer % Correct
The largest borough of New York City that contains Flushing, Astoria and Long Island City Queens
96%
The national Capital of Ecuador Quito
91%
City that is known as "the cradle of French civilization in North America" Quebec City
77%
A city in the Metropolitan Boston area that was the birthplace of 2 U.S. presidents Quincy
48%
Mexican state that is home to Cozumel, Cancún and Tulum Quintana Roo
27%
An archipelago on the North Coast of British Columbia, Canada that is also know as Haida Gwaii Queen Charlotte Islands
10%
The capital of Aguirre canton in Puntarenas Province, Costa Rica Quepos
5%
A department of Guatemala to the north-west of Guatemala City that is home to Chichicastenango and the ruins of Q'umarkaj Quiché Department
4%
The northwestern municipality of Greenland that is known as the "Place of Polar Darkness" Qaasuitsup
3%
A reef formation of Colombia which was once claimed by the United States, located 110 km North-northeast of Providencia Island Quita Sueño Bank
2%
No matching quizzes found
Score Distribution
Percent of People with Each Score
Percentile by Number Answered
Your Score History
You have not taken this quiz